[Event "August 2011"]
[Site "SchemingMind.com"]
[Date "2011.09.02"]
[Round "-"]
[White "otsenrechess"]
[Black "Jari Laine"]
[Result "0-1"]
[WhiteCountry "HUN"]
[BlackCountry "FIN"]
[WhiteElo "1823"]
[WhiteRD "45"]
[BlackElo "2241"]
[BlackRD "68"]
[GameID "292064"]

1. d4 d5 2. c4 c6 3. Nf3 Nf6 4. e3 e6 5. Nc3 Nbd7 6. Bd3 dxc4 7. Bxc4 b5 8. Bd3 Bb7 9. e4 b4 10. Na4 c5
11. e5 Nd5 12. dxc5 Nxc5 13. Bb5+ Nd7 14. Bg5 Qa5 15. Bxd7+ Kxd7 16. O-O Rc8 17. Bd2 Qa6 18. a3 bxa3 19. b4 Qb5 20. Nc5+ Bxc5
21. bxc5 Qxc5 22. Qa4+ Bc6 23. Qg4 Bb5 24. Rfd1 Bc4 25. Ng5 Qe7 26. Qf3 f5 27. exf6 gxf6 28. Rxa3 a6 29. Ne4 f5 30. Ng3 h5
31. Ra5 h4 32. Ne2 Qf7 33. Nf4 h3 34. g3 Rc6 35. Rb1 Rhc8 36. Nxh3 Bb5 37. Nf4 Rd6 38. Raa1 e5 39. Nxd5 Rxd5 40. Bg5 e4
41. Qb3 Qg8 42. Qe3 Rd3 43. Rd1 Ke8 44. Rxd3 Bxd3 45. h4 Qe6 46. h5 Kf7 47. Qd4 Kg8 48. h6 Qf7
0-1

[Event "August 2011"]
[Site "SchemingMind.com"]
[Date "2011.09.01"]
[Round "-"]
[White "michel"]
[Black "Jari Laine"]
[Result "0-1"]
[WhiteCountry "CAN"]
[BlackCountry "FIN"]
[WhiteElo "1865"]
[WhiteRD "61"]
[BlackElo "2148"]
[BlackRD "118"]
[GameID "292065"]

1. Nf3 Nf6 2. c4 c5 3. Nc3 Nc6 4. d4 cxd4 5. Nxd4 e6 6. Ndb5 Bb4 7. a3 Bxc3+ 8. Nxc3 d5 9. Bg5 O-O 10. e3 h6
11. Bh4 d4 12. exd4 Nxd4 13. Be2 e5
0-1